| 000 | 00501nam a2200169 i 4500 | ||
|---|---|---|---|
| 001 | 33019 | ||
| 003 | ES-MaACL | ||
| 005 | 20230906154700.0 | ||
| 007 | t| | ||
| 008 | 030201s1931 sp ||||1| spa d | ||
| 100 | 1 |
_aBertrand, Louis. _928533 |
|
| 245 | 1 | 0 |
_aFelipe II _b: (un asunto tenebroso) / _cLouis Bertrand ; traducción de Jacinto Ramos. |
| 260 |
_aMadrid : _b[s.n., _c1931] ( _fSèz Hermanos) |
||
| 300 |
_a252 p. ; _c19 cm. |
||
| 700 | 1 |
_aRamos, Jacinto. _995262 |
|
| 852 |
_aES-MaACL _jB-12357 |
||
| 999 |
_c33019 _d33019 |
||